Word Ladder: Snake Dances Quiz Stats

Quiz Updated Aug 17, 2015

Challenge
Share
Tweet
Embed
Score 0/11 Timer 02:00
1 Play Today
Clue 5-Letter Word % Correct
💃 Brazilian dance 💃💃 SAMBA 💃
76.4%
Unusually large, like the famed elephantJUMBO
74.5%
Spicy soup usually with okraGUMBO
74.4%
🐍 Venomous african serpent 🐍🐍 MAMBA 🐍
73.5%
💃 Latin American dance 💃💃 MAMBO 💃
72%
💃 Uncertain state or a dance with a pole 💃💃 LIMBO 💃
67.6%
Short for an Italian sports car brandLAMBO
67.5%
Swahili greetingJAMBO
55.7%
Type of wrestling based on judoSAMBO
52.6%
💃 Cuban folk dance 💃💃 RUMBA 💃
49.7%
Slang for a close friend used by ItaliansGUMBA
46.3%

Today's Daily Dose

You're not logged in!

Compare scores with friends on all Sporcle quizzes.
Sign Up with Email
OR
Log In

You Might Also Like...

Show Comments

Extras

Top Quizzes Today


Score Distribution

Your Account Isn't Verified!

In order to create a playlist on Sporcle, you need to verify the email address you used during registration. Go to your Sporcle Settings to finish the process.